000 01130nam a2200253Ia 4500
003 OSt
005 20220923211021.0
006 a|||||r|||| 00| 0
007 ta
008 220922b |||||||| |||| 00| 0 hin d
020 _a8170556481 (hbk)
_c300
024 _a241,121
037 _b485, 02/03/2010, Vani Prakashan
_cTextual
040 _aARTS
_cARTS
_bhin
041 _2hin
_ahin
082 _aO152,6N18x, N9
100 _aचौहान, शिवदान सिंह; उपाध्याय, विश्वंभरनाथ, संपा.
_9157189
245 0 _aपरिप्रक्ष्य को सही करते हुए
_b प्रगतिवाद
246 _aPariprakṣhya ko sahī karate hue: pragativāda: pragatishīlatā
260 _aनयी दिल्ली
_b वाणी प्रकाशन
_c1999
300 _a319पृ.
_ccm.
942 _hO152,6N18x, N9
_cTEXL
_2CC
999 _c293988
_d293988